Aktuálna právna úprava vyvodzovania zodpovednosti voči právnickým osobám

Súčasná právna úprava vyvodzovania zodpovednosti a trestania (sankcionovania) právnických osôb v podmienkach SR.

Salvato in:
Dettagli Bibliografici
Autore principale: Horvat, Matej
Natura: Capitolo di libro
Lingua:slovacco
Soggetti:
Tags: Aggiungi Tag
Nessun Tag, puoi essere il primo ad aggiungerne!!

MARC

LEADER 00000naa a2200000 4500
001 0206866
005 20240502073432.5
041 0 |a slo 
044 |a SK 
245 1 0 |a Aktuálna právna úprava vyvodzovania zodpovednosti voči právnickým osobám  |c Matej Horvát 
520 |a Súčasná právna úprava vyvodzovania zodpovednosti a trestania (sankcionovania) právnických osôb v podmienkach SR. 
610 2 0 |a osoby právnické 
610 2 0 |a úpravy právne 
610 2 0 |a zodpovednosť právna 
610 2 0 |a právo správne 
100 1 |a Horvat, Matej